[Event "Roger Roy mem"]
[Site "Gatineau CAN"]
[Date "2006.10.24"]
[Round "2"]
[White "Szalay, Karoly"]
[Black "Arsenault, Yves"]
[Result "1-0"]
[WhiteElo "1835"]
[BlackElo "1435"]
[PlyCount "85"]
[EventDate "2006.10.17"]
[EventType "swiss"]
[EventRounds "5"]
[EventCountry "CAN"]

1. e4 c5 2. Nf3 Nc6 3. d4 cxd4 4. Nxd4 d5 5. Bb5 Qd6 6. exd5 Qxd5 7. Nxc6 Qxd1+
8. Kxd1 a6 9. Nd4+ axb5 10. Nxb5 Bg4+ 11. f3 Rd8+ 12. Ke2 Bf5 13. N1a3 Nf6 14.
g4 Bg6 15. Be3 e6 16. Bb6 Rd7 17. Nc7+ Ke7 18. Rad1 Nd5 19. Nxd5+ exd5 20. Rd2
Ke6 21. Nb5 Bd6 22. Rhd1 Bf4 23. Be3 Bxh2 24. Nc3 Rc8 25. f4 f5 26. Rh1 Bxf4
27. Bxf4 fxg4 28. Rhd1 g3 29. Rxd5 Bh5+ 30. Rxh5 Rxd1 31. Kxd1 g2 32. Rg5 Rf8
33. Be3 Rf1+ 34. Ke2 g1=Q 35. Rxg1 Rxg1 36. Bxg1 g5 37. Be3 Kf5 38. Kf3 h5 39.
a4 h4 40. b4 g4+ 41. Kg2 g3 42. Kh3 g2 43. Kxh4 1-0

[Event "Roger Roy mem"]
[Site "Gatineau CAN"]
[Date "2006.10.24"]
[Round "2"]
[White "Toulouse, Raphael"]
[Black "Levesque, Andre"]
[Result "0-1"]
[WhiteElo "1199"]
[BlackElo "1370"]
[PlyCount "54"]
[EventDate "2006.10.17"]
[EventType "swiss"]
[EventRounds "5"]
[EventCountry "CAN"]

1. d4 f5 2. Nf3 e6 3. Bg5 Be7 4. Bxe7 Qxe7 5. Nbd2 Nf6 6. e3 O-O 7. Bd3 d6 8.
e4 fxe4 9. Nxe4 d5 10. Ned2 Bd7 11. Ne5 Be8 12. g4 Nc6 13. c3 Nd7 14. Ndf3
Ndxe5 15. dxe5 Rd8 16. Nd4 Nxe5 17. Qe2 Nxd3+ 18. Qxd3 Bg6 19. Qe3 Rde8 20. f4
e5 21. fxe5 Qh4+ 22. Kd2 Be4 23. Rhf1 Qxh2+ 24. Qe2 Qxe5 25. Rxf8+ Rxf8 26. Rf1
Qg5+ 27. Ke1 Qc1+ 0-1

[Event "Roger Roy mem"]
[Site "Gatineau CAN"]
[Date "2006.10.31"]
[Round "3"]
[White "Blouin, Francois"]
[Black "Berthiaume, Serge"]
[Result "1-0"]
[WhiteElo "1535"]
[BlackElo "1162"]
[PlyCount "149"]
[EventDate "2006.10.17"]
[EventType "swiss"]
[EventRounds "5"]
[EventCountry "CAN"]

1. e4 e5 2. Nf3 Nc6 3. Bb5 Nf6 4. d3 h6 5. Bxc6 dxc6 6. Nxe5 Bc5 7. Be3 Bxe3 8.
fxe3 Qd6 9. Nf3 Qb4+ 10. Nbd2 Qxb2 11. O-O Be6 12. Qb1 Qxb1 13. Rfxb1 Ng4 14.
Nf1 O-O-O 15. h3 Nf6 16. N1d2 g5 17. Nd4 Bd7 18. Rf1 c5 19. N4b3 Nh5 20. Rxf7
Rdf8 21. Raf1 Rfg8 22. Re7 Rg7 23. Rff7 Rxf7 24. Rxf7 Be6 25. Re7 Bxb3 26. axb3
Nf6 27. Rf7 Nd7 28. Kf2 b6 29. Nf3 a5 30. Ke2 b5 31. Rf5 a4 32. Kd2 a3 33. Kc1
Kb7 34. Kb1 Kb6 35. Ne5 Nxe5 36. Rxe5 Rg8 37. Rf5 h5 38. g3 c6 39. e5 Re8 40.
e4 c4 41. Ka2 cxd3 42. cxd3 b4 43. g4 Kc5 44. gxh5 Kd4 45. h6 Kxd3 46. Rxg5 Kc3
47. Rg3+ Kd4 48. h7 Rf8 49. Rg2 Rh8 50. Rg7 Kxe5 51. Rg5+ Kxe4 52. Rg4+ Kd5 53.
Rxb4 Rxh7 54. h4 c5 55. Rc4 Rg7 56. Kxa3 Ra7+ 57. Kb2 Kc6 58. h5 Rh7 59. Rh4
Kd6 60. h6 Ke6 61. Kc3 Kf6 62. Kc4 Kg6 63. Kxc5 Rc7+ 64. Kb6 Rh7 65. b4 Kg5 66.
Rh1 Kf5 67. Kc6 Ke6 68. b5 Ke7 69. b6 Kd8 70. b7 Rc7+ 71. Kb6 Re7 72. b8=Q+ Kd7
73. Qc7+ Ke8 74. Qxe7+ Kxe7 75. h7 1-0

[Event "Roger Roy mem"]
[Site "Gatineau CAN"]
[Date "2006.10.31"]
[Round "3"]
[White "Brousseau, Yvan"]
[Black "Cossette, Daniel"]
[Result "1/2-1/2"]
[WhiteElo "2056"]
[BlackElo "2117"]
[PlyCount "182"]
[EventDate "2006.10.17"]
[EventType "swiss"]
[EventRounds "5"]
[EventCountry "CAN"]

1. Nf3 d5 2. b3 c5 3. Bb2 Nc6 4. e3 e6 5. Bb5 Nf6 6. Ne5 Qc7 7. f4 Bd6 8. O-O
O-O 9. Nxc6 bxc6 10. Bxf6 gxf6 11. Bd3 f5 12. Qh5 f6 13. Rf3 Rf7 14. Rg3+ Kh8
15. Nc3 Bb7 16. Ne2 Rg7 17. Qh4 Qf7 18. Rxg7 Qxg7 19. Ng3 Rg8 20. Rf1 Be7 21.
Be2 Bc8 22. Rf2 Bd7 23. Nh5 Qh6 24. Qh3 Be8 25. Qf3 Bg6 26. Ng3 Qf8 27. Bd1 Qd8
28. Qe2 Qa5 29. a4 c4 30. bxc4 Qxa4 31. cxd5 cxd5 32. c3 Qc6 33. Rf1 a5 34. Bc2
a4 35. Ra1 a3 36. Qd1 Rb8 37. Qc1 Rb2 38. Rb1 Qb6 39. Rxb2 axb2 40. Qb1 Bc5 41.
Kf2 e5 42. d4 Ba3 43. Qa2 Qa5 44. Qb3 e4 45. h4 h5 46. Qb8+ Kh7 47. Qb7+ Kg8
48. Qb3 Be8 49. Nxf5 Kf8 50. Ke1 Qa4 51. Qxa4 Bxa4 52. Bb1 Bb5 53. Kd2 Bd3 54.
Ba2 b1=Q 55. Bxb1 Bxb1 56. Ng3 Bd3 57. Nxh5 Kf7 58. g4 Bb5 59. g5 fxg5 60. hxg5
Be7 61. Ng3 Kg6 62. Kc2 Bd8 63. Kd2 Ba5 64. Kc2 Ba4+ 65. Kd2 Bb3 66. Nh1 Ba4
67. Ng3 Bd7 68. Kc2 Bg4 69. Kd2 Bc8 70. Kc2 Ba6 71. Kd2 Bb5 72. Kc2 Bd8 73. Kd2
Ba5 74. Kc2 Bc7 75. Kd2 Bb6 76. Kc2 Bd8 77. Kd2 Bd3 78. Kc1 Be7 79. Kd2 Ba3 80.
Kd1 Bb2 81. Kd2 Ba3 82. Kd1 Bd6 83. Kd2 Bc7 84. Ke1 Bb6 85. Kd2 Ba5 86. Nh1 Bf1
87. Ng3 Bh3 88. Kc2 Bd8 89. Kd2 Kf7 90. Kc2 Ke8 91. Kb3 Kf7 1/2-1/2

[Event "Roger Roy mem"]
[Site "Gatineau CAN"]
[Date "2006.10.31"]
[Round "3"]
[White "Charland, Roger"]
[Black "Chartrand, Jean Bruno"]
[Result "0-1"]
[WhiteElo "1570"]
[BlackElo "1847"]
[PlyCount "80"]
[EventDate "2006.10.17"]
[EventType "swiss"]
[EventRounds "5"]
[EventCountry "CAN"]

1. Nf3 d5 2. g3 Nf6 3. Bg2 c5 4. d3 Nc6 5. Nbd2 e5 6. O-O Be7 7. c4 d4 8. a3
O-O 9. Nh4 Qc7 10. e4 Ne8 11. Ndf3 Nd6 12. Ng5 h6 13. Nh3 g5 14. Qh5 gxh4 15.
Qxh6 Bxh3 16. Bxh3 hxg3 17. fxg3 Rfe8 18. Qh5 Bf8 19. Qg4+ Bg7 20. Bh6 f5 21.
exf5 Kh8 22. Qg6 Rg8 23. Bxg7+ Rxg7 24. Qh6+ Rh7 25. Qf6+ Qg7 26. Qxg7+ Kxg7
27. f6+ Kf7 28. Bf5 Nxf5 29. Rxf5 Rh6 30. Raf1 Rg8 31. Kg2 Rgg6 32. h3 Rxf6 33.
g4 Rxf5 34. Rxf5+ Rf6 35. Rf3 Rxf3 36. Kxf3 Kf6 37. Ke4 Kg5 38. b4 cxb4 39.
axb4 Nxb4 40. Kxe5 Nc6+ 0-1

[Event "Roger Roy mem"]
[Site "Gatineau CAN"]
[Date "2006.10.31"]
[Round "3"]
[White "Chirokova, Elena"]
[Black "Pepin, Christian"]
[Result "0-1"]
[WhiteElo "1335"]
[BlackElo "2070"]
[PlyCount "56"]
[EventDate "2006.10.17"]
[EventType "swiss"]
[EventRounds "5"]
[EventCountry "CAN"]

1. e4 c6 2. d4 d5 3. e5 Bf5 4. Nf3 e6 5. Be2 c5 6. c3 Nc6 7. Bb5 Qb6 8. Na3
cxd4 9. cxd4 Bxa3 10. Bxc6+ bxc6 11. bxa3 Qa6 12. h3 Ne7 13. a4 O-O 14. Ba3
Rfe8 15. Rc1 Nc8 16. Rc3 Nb6 17. Nh4 Nxa4 18. Rb3 Rab8 19. f3 c5 20. dxc5 Nxc5
21. Bxc5 Qa5+ 22. Bb4 Rxb4 23. O-O Rxh4 24. g4 Rxh3 25. gxf5 exf5 26. Kg2 Rh6
27. Qb1 Qd2+ 28. Kg3 Rg6+ 0-1

[Event "Roger Roy mem"]
[Site "Gatineau CAN"]
[Date "2006.10.31"]
[Round "3"]
[White "Forget, David"]
[Black "Iyamuremye, Gervais"]
[Result "1-0"]
[WhiteElo "1933"]
[BlackElo "1363"]
[PlyCount "40"]
[EventDate "2006.10.17"]
[EventType "swiss"]
[EventRounds "5"]
[EventCountry "CAN"]

1. d4 e6 2. c4 b6 3. Nc3 Bb7 4. e4 Bb4 5. Bd3 h6 6. Nge2 Ne7 7. a3 Bxc3+ 8.
Nxc3 O-O 9. Qg4 Ng6 10. h4 Kh8 11. e5 Ne7 12. Qh5 Nf5 13. Bxf5 exf5 14. Qxf5 f6
15. Be3 fxe5 16. Qxe5 d6 17. Qh5 Bxg2 18. Rg1 Bf3 19. Qg6 Qf6 20. Qxf6 Rxf6 1-0

[Event "Roger Roy mem"]
[Site "Gatineau CAN"]
[Date "2006.10.31"]
[Round "3"]
[White "Gagnon, Fabien"]
[Black "Szalay, Karoly"]
[Result "0-1"]
[WhiteElo "2030"]
[BlackElo "1835"]
[PlyCount "68"]
[EventDate "2006.10.17"]
[EventType "swiss"]
[EventRounds "5"]
[EventCountry "CAN"]

1. e4 e5 2. Nf3 Nc6 3. Bb5 a6 4. Ba4 Nf6 5. Qe2 b5 6. Bb3 Bc5 7. c3 d6 8. O-O
O-O 9. Rd1 Qe7 10. Bc2 Bb7 11. h3 Bb6 12. d3 h6 13. Nbd2 Nd8 14. Nf1 Ne6 15.
Ng3 Nf4 16. Bxf4 exf4 17. Nf5 Qe6 18. Re1 Rae8 19. Qd2 Nh5 20. d4 Qd7 21. Qd3
Nf6 22. d5 Kh7 23. Nxd6 cxd6 24. e5+ g6 25. exf6 Qd8 26. Re7 Rxe7 27. fxe7 Qxe7
28. Re1 Qc7 29. b3 Qc5 30. Re7 Qxf2+ 31. Kh1 Kg8 32. c4 Bc8 33. Qc3 Qf1+ 34.
Kh2 Bf2 0-1

[Event "Roger Roy mem"]
[Site "Gatineau CAN"]
[Date "2006.10.31"]
[Round "3"]
[White "Kennedy, Phillip"]
[Black "Pilon, Robert"]
[Result "0-1"]
[WhiteElo "1296"]
[BlackElo "1528"]
[PlyCount "160"]
[EventDate "2006.10.17"]
[EventType "swiss"]
[EventRounds "5"]
[EventCountry "CAN"]

1. Nf3 Nf6 2. g3 d5 3. Bg2 Bf5 4. d3 e6 5. O-O c5 6. c4 d4 7. Nh4 Qc7 8. Nxf5
exf5 9. Bf4 Qb6 10. Qb3 Nc6 11. Qxb6 axb6 12. Nd2 Be7 13. Nf3 O-O 14. a3 Rfe8
15. Rfe1 Nh5 16. Bg5 Bd6 17. Bd2 Re7 18. e3 dxe3 19. Rxe3 Rxe3 20. fxe3 Re8 21.
Re1 Re7 22. Bc3 f6 23. Kf1 Ne5 24. Nxe5 fxe5 25. Bd5+ Kf8 26. Ke2 Nf6 27. Rf1
g6 28. Bf3 Ke8 29. e4 fxe4 30. dxe4 Rf7 31. Rd1 Ke7 32. Bd2 Kd7 33. g4 Kc7 34.
g5 Nd7 35. a4 Nf8 36. Bg4 Nd7 37. h4 Nb8 38. h5 Nc6 39. Bc3 Nd4+ 40. Bxd4 exd4
41. hxg6 hxg6 42. Rf1 Rxf1 43. Kxf1 Bf4 44. Ke2 Bxg5 45. e5 Bf4 46. e6 Kd6 47.
Kd3 Be5 48. b3 Bf6 49. Ke4 Be7 50. Bh3 d3 51. Bg4 d2 52. Kd3 Bg5 53. Ke2 Ke5
54. Bf3 Kd4 55. e7 d1=Q+ 56. Kxd1 Bxe7 57. Kc2 Ke3 58. Bxb7 g5 59. Bc8 Kf4 60.
Kd2 g4 61. Bb7 Bg5 62. Ke2 g3 63. Kf1 Be7 64. Kg2 Bd6 65. Bf3 Ke3 66. Bd1 Kd2
67. Bf3 Kc2 68. b4 cxb4 69. Be2 b3 70. Bf3 b2 71. Be4+ Kc1 72. Kf3 b1=Q 73.
Bxb1 Kxb1 74. c5 Bxc5 75. Kxg3 Kb2 76. Kf3 Kb3 77. Ke2 Kxa4 78. Kd1 Ka3 79. Kc1
Ka2 80. Kc2 b5 0-1

[Event "Roger Roy mem"]
[Site "Gatineau CAN"]
[Date "2006.10.31"]
[Round "3"]
[White "Lacourse, Guy"]
[Black "Beland, Guy"]
[Result "1-0"]
[WhiteElo "1650"]
[BlackElo "1460"]
[PlyCount "69"]
[EventDate "2006.10.17"]
[EventType "swiss"]
[EventRounds "5"]
[EventCountry "CAN"]

1. Nf3 Nf6 2. c4 g6 3. g3 Bg7 4. Bg2 O-O 5. O-O d6 6. d3 e5 7. Nc3 c6 8. Qc2
Na6 9. a3 Nc7 10. b3 Re8 11. Bb2 Ne6 12. e3 d5 13. Nxe5 d4 14. Nd1 dxe3 15.
fxe3 Ng5 16. h4 Nh3+ 17. Kh2 Ng4+ 18. Nxg4 Bxg4 19. Bxh3 Bxd1 20. Raxd1 Rxe3
21. Bxg7 Qd6 22. Qf2 Re7 23. Bb2 Rae8 24. Rde1 f5 25. Rxe7 Rxe7 26. Qxa7 Re2+
27. Rf2 Qe6 28. Qb8+ Kf7 29. Qxb7+ Ke8 30. Qb8+ Kf7 31. Qc7+ Ke8 32. Qb6 Re3
33. Bg2 Ke7 34. Bf3 h6 35. Qxe3 1-0

[Event "Roger Roy mem"]
[Site "Gatineau CAN"]
[Date "2006.10.31"]
[Round "3"]
[White "Laurin, Marcel"]
[Black "Toulouse, Raphael"]
[Result "1-0"]
[WhiteElo "1622"]
[BlackElo "1199"]
[PlyCount "99"]
[EventDate "2006.10.17"]
[EventType "swiss"]
[EventRounds "5"]
[EventCountry "CAN"]

1. d4 d5 2. c4 e6 3. a3 Nf6 4. Nc3 b6 5. Bf4 Nbd7 6. Nb5 Bd6 7. Bxd6 cxd6 8.
Nxd6+ Kf8 9. cxd5 Nxd5 10. e4 Nc7 11. Qf3 Qf6 12. Rc1 Qxf3 13. Nxf3 Ke7 14. e5
Nd5 15. Bc4 f6 16. Bxd5 exd5 17. O-O Ba6 18. Rfe1 g6 19. Rc6 Nb8 20. Rc7+ Ke6
21. Nf7 Rf8 22. exf6+ Kxf6 23. N3g5 h6 24. Nh7+ Kg7 25. Nxh6+ Kxh6 26. Nxf8 Bd3
27. h4 g5 28. hxg5+ Kxg5 29. Ne6+ Kf6 30. Rc8 Bf5 31. Rf8+ Kg6 32. Nc7 Nd7 33.
Rxa8 Be4 34. Rxa7 Nf6 35. f3 Bd3 36. Ne6 b5 37. Nf4+ Kf5 38. Nxd3 Ne4 39. fxe4+
dxe4 40. Rf7+ Ke6 41. Ne5 Kd5 42. Rd7+ Ke6 43. Kf2 Kf5 44. Ke3 Ke6 45. Kxe4 b4
46. d5+ Kf6 47. Rf1+ Kg5 48. Rf5+ Kh4 49. Kf3 bxa3 50. Rh7# 1-0

[Event "Roger Roy mem"]
[Site "Gatineau CAN"]
[Date "2006.10.31"]
[Round "3"]
[White "Levesque, Andre"]
[Black "Maisonneuve, Paul"]
[Result "1-0"]
[WhiteElo "1370"]
[BlackElo "1569"]
[PlyCount "69"]
[EventDate "2006.10.17"]
[EventType "swiss"]
[EventRounds "5"]
[EventCountry "CAN"]

1. e4 d6 2. d4 Nf6 3. Nc3 g6 4. Nf3 Bg7 5. Bc4 O-O 6. O-O Nxe4 7. Nxe4 d5 8.
Bxd5 Qxd5 9. Nc3 Qd8 10. Be3 Nd7 11. Qd2 Nf6 12. h3 Bf5 13. Bh6 c6 14. Bxg7
Kxg7 15. Rfe1 Re8 16. g4 Be6 17. Ng5 Bd5 18. Nxd5 Qxd5 19. c4 Qxc4 20. b3 Qd5
21. Re5 Qd8 22. Rae1 Nd5 23. f4 h6 24. Nf3 e6 25. h4 Qf6 26. f5 Nc7 27. g5 hxg5
28. hxg5 Qd8 29. f6+ Kg8 30. Qh2 Qd6 31. Kf2 Qa3 32. Rh1 Qb2+ 33. Re2 Qxe2+ 34.
Kxe2 Nd5 35. Qh8# 1-0

[Event "Roger Roy mem"]
[Site "Gatineau CAN"]
[Date "2006.10.31"]
[Round "3"]
[White "Malette, Martin"]
[Black "Libersan, Mattieu"]
[Result "1-0"]
[WhiteElo "2025"]
[BlackElo "1945"]
[PlyCount "77"]
[EventDate "2006.10.17"]
[EventType "swiss"]
[EventRounds "5"]
[EventCountry "CAN"]

1. e4 e5 2. Nf3 f5 3. Nxe5 Nc6 4. d4 Qf6 5. Nxc6 dxc6 6. e5 Qf7 7. c3 Be6 8.
Nd2 O-O-O 9. Qa4 Kb8 10. Bc4 Ne7 11. Bxe6 Qxe6 12. Qb3 Nd5 13. Nf3 Be7 14. Bd2
g5 15. O-O-O g4 16. Ng1 c5 17. Ne2 cxd4 18. Nxd4 Qg6 19. Kb1 c5 20. Nc2 Rhe8
21. c4 Nc7 22. f4 gxf3 23. Qxf3 Ne6 24. Ba5 b6 25. Rxd8+ Rxd8 26. Bc3 Ng5 27.
Qg3 Qe6 28. Ne3 Ne4 29. Qe1 Rd3 30. Nd5 Bg5 31. Kc2 Rxc3+ 32. Nxc3 Bd2 33. Qe2
Bxc3 34. bxc3 Qxe5 35. Qf3 a6 36. h3 Ka7 37. Re1 b5 38. g4 b4 39. gxf5 1-0

[Event "Roger Roy mem"]
[Site "Gatineau CAN"]
[Date "2006.10.31"]
[Round "3"]
[White "Rainey, Ivan"]
[Black "Arsenault, Yves"]
[Result "1-0"]
[WhiteElo "1114"]
[BlackElo "1435"]
[PlyCount "85"]
[EventDate "2006.10.17"]
[EventType "swiss"]
[EventRounds "5"]
[EventCountry "CAN"]

1. e4 e5 2. Nf3 Nc6 3. Bc4 Nf6 4. Nc3 Be7 5. b3 O-O 6. Bb2 d6 7. O-O a6 8. h3
b5 9. Be2 Be6 10. Ng5 Qd7 11. Nxe6 Qxe6 12. f4 Nd4 13. Bd3 Rad8 14. f5 Qd7 15.
Ne2 Nxe2+ 16. Qxe2 c5 17. a4 b4 18. Bxa6 Qc6 19. Rae1 Rd7 20. Bb5 Qb6 21. Bxd7
Nxd7 22. Kh1 Qc6 23. Rf3 Bg5 24. Bc1 g6 25. Ref1 Bf4 26. g3 Bg5 27. h4 Bh6 28.
fxg6 hxg6 29. Qc4 Bg7 30. Rxf7 Rxf7 31. Rxf7 Kh7 32. d3 Nf6 33. Qe6 Nxe4 34.
dxe4 Qxe4+ 35. Kg1 Qe1+ 36. Rf1 Qxg3+ 37. Kh1 Qxh4+ 38. Kg2 Qe4+ 39. Kg1 Qd4+
40. Kg2 Qe4+ 41. Kg3 Qxc2 42. Rh1+ Bh6 43. Qf7+ 1-0

[Event "Roger Roy mem"]
[Site "Gatineau CAN"]
[Date "2006.10.31"]
[Round "3"]
[White "Scantland, Patrick"]
[Black "Dupont, Claude"]
[Result "1-0"]
[WhiteElo "1680"]
[BlackElo "1415"]
[PlyCount "95"]
[EventDate "2006.10.17"]
[EventType "swiss"]
[EventRounds "5"]
[EventCountry "CAN"]

1. e4 c5 2. Nf3 d6 3. d4 cxd4 4. Nxd4 Nc6 5. c4 e5 6. Nc2 Nf6 7. Nc3 Be7 8. Be2
O-O 9. Be3 b6 10. Qd2 Bb7 11. O-O a6 12. f3 Qc7 13. Rfd1 Rfd8 14. Bg5 Rd7 15.
Ne3 Nd4 16. Bxf6 Nxe2+ 17. Qxe2 Bxf6 18. Ncd5 Bxd5 19. Nxd5 Qc5+ 20. Kf1 Be7
21. b3 a5 22. Rd2 Rad8 23. Rad1 Bg5 24. Rd3 Kf8 25. Qf2 Re8 26. Qxc5 dxc5 27.
g3 Bd8 28. a4 f6 29. Ke2 Kf7 30. Ne3 Rxd3 31. Rxd3 Ke6 32. Rd5 g6 33. g4 Bc7
34. h4 h6 35. Nd1 Rd8 36. Nc3 Rxd5 37. cxd5+ Kd7 38. Kd3 g5 39. h5 Bd8 40. Kc4
Kc7 41. Kb5 Kb7 42. Ne2 Be7 43. Ng3 Bd6 44. Nf5 Bf8 45. Ne3 Bd6 46. Nc4 Bc7 47.
d6 Bd8 48. Ne3 1-0

[Event "Roger Roy mem"]
[Site "Gatineau CAN"]
[Date "2006.11.07"]
[Round "4"]
[White "Arsenault, Yves"]
[Black "Laurin, Marcel"]
[Result "0-1"]
[WhiteElo "1435"]
[BlackElo "1622"]
[PlyCount "58"]
[EventDate "2006.10.17"]
[EventType "swiss"]
[EventRounds "5"]
[EventCountry "CAN"]

1. e4 b6 2. d4 Bb7 3. Nc3 d6 4. Bd3 e6 5. Nf3 h6 6. Bf4 Nd7 7. Qe2 a6 8. O-O-O
Ne7 9. Bg3 b5 10. a3 Nb6 11. Rhf1 c6 12. Nd2 a5 13. Na2 d5 14. f4 dxe4 15. Nxe4
Nf5 16. Bf2 Bd6 17. Nxd6+ Nxd6 18. f5 Bc8 19. Rde1 O-O 20. fxe6 Bxe6 21. Kb1 b4
22. axb4 Bxa2+ 23. Kxa2 axb4+ 24. Kb1 Nd5 25. Qd2 Qa5 26. c3 bxc3 27. bxc3 Qa1+
28. Kc2 Ra2+ 29. Kb3 Rb8+ 0-1

[Event "Roger Roy mem"]
[Site "Gatineau CAN"]
[Date "2006.11.07"]
[Round "4"]
[White "Beland, Guy"]
[Black "Charland, Roger"]
[Result "0-1"]
[WhiteElo "1425"]
[BlackElo "1570"]
[PlyCount "54"]
[EventDate "2006.10.17"]
[EventType "swiss"]
[EventRounds "5"]
[EventCountry "CAN"]

1. e4 Nf6 2. e5 Nd5 3. c4 Nb6 4. Nf3 d6 5. Nc3 Bg4 6. Be2 Nc6 7. d4 Bxf3 8.
Bxf3 dxe5 9. Bxc6+ bxc6 10. c5 Nd5 11. O-O exd4 12. Qxd4 e6 13. Re1 Nxc3 14.
Qxc3 Qd5 15. b4 Be7 16. Bb2 O-O-O 17. Qa3 Kb7 18. Rab1 h5 19. Bxg7 Rhg8 20. b5
Bxc5 21. Qa6+ Ka8 22. bxc6 Rb8 23. Rxb8+ Rxb8 24. Be5 Qd2 25. Rf1 Rb6 26. Qc8+
Rb8 27. Qxc7 Qxf2+ 0-1

[Event "Roger Roy mem"]
[Site "Gatineau CAN"]
[Date "2006.11.07"]
[Round "4"]
[White "Berthiaume, Patrick"]
[Black "Kennedy, Phillip"]
[Result "0-1"]
[WhiteElo "983"]
[BlackElo "1296"]
[PlyCount "102"]
[EventDate "2006.10.17"]
[EventType "swiss"]
[EventRounds "5"]
[EventCountry "CAN"]

1. e4 c5 2. Nf3 e6 3. Bc4 d5 4. exd5 exd5 5. Qe2+ Be7 6. Bb5+ Bd7 7. Bxd7+ Nxd7
8. Ne5 Ngf6 9. Nxd7 Qxd7 10. Nc3 O-O 11. Qb5 Qxb5 12. Nxb5 Rfc8 13. O-O a6 14.
Re1 Bf8 15. Nc3 Re8 16. Rxe8 Rxe8 17. Kf1 b5 18. d3 d4 19. Ne2 Nd5 20. c4 Nb4
21. cxb5 axb5 22. a3 Nxd3 23. Bd2 Nxb2 24. Bc1 Nd3 25. a4 bxa4 26. Rxa4 Nxc1
27. Nxc1 g6 28. Nd3 h5 29. Ra5 c4 30. Nc1 d3 31. Rd5 d2 32. Rxd2 Bh6 33. Rc2
Bxc1 34. Rxc1 Rc8 35. Ke2 f5 36. Ke3 Kf7 37. Kd4 Rd8+ 38. Ke3 Rd3+ 39. Ke2 Rd4
40. g3 Ke6 41. Ke3 Kd5 42. h4 Re4+ 43. Kf3 Kd4 44. Rd1+ Kc3 45. Rd6 Rg4 46. Rf6
Kd3 47. Rd6+ Rd4 48. Rc6 c3 49. Rxg6 c2 50. Rh6 c1=Q 51. Rxh5 Qc6# 0-1

[Event "Roger Roy mem"]
[Site "Gatineau CAN"]
[Date "2006.11.07"]
[Round "4"]
[White "Blouin, Francois"]
[Black "Guimond, Michel"]
[Result "0-1"]
[WhiteElo "1535"]
[BlackElo "1791"]
[PlyCount "88"]
[EventDate "2006.10.17"]
[EventType "swiss"]
[EventRounds "5"]
[EventCountry "CAN"]

1. e4 c5 2. Nc3 d6 3. g3 g6 4. Bg2 Bg7 5. d3 e5 6. Be3 Nh6 7. Qd2 Ng4 8. Nge2
Nc6 9. h3 Nxe3 10. fxe3 Be6 11. O-O-O b5 12. Nd5 b4 13. c4 a5 14. h4 h5 15. Bh3
a4 16. Ng1 a3 17. b3 Bxd5 18. cxd5 Nd4 19. Kb1 Bh6 20. Qf2 Nb5 21. Ne2 O-O 22.
g4 hxg4 23. Bxg4 f5 24. Bh3 f4 25. Rdg1 Kh7 26. Qg2 Qf6 27. exf4 exf4 28. e5
dxe5 29. h5 f3 30. Qxg6+ Qxg6 31. hxg6+ Kg7 32. Bd7 fxe2 33. Bxb5 Rf2 34. d4
Raf8 35. Re1 cxd4 36. Rxe2 e4 37. Rxf2 Rxf2 38. Rxh6 Kxh6 39. d6 Rf6 40. d7 Rd6
41. Kc2 Kxg6 42. Kd2 Kf6 43. Ke2 Ke5 44. Kd2 Kf4 0-1

[Event "Roger Roy mem"]
[Site "Gatineau CAN"]
[Date "2006.11.07"]
[Round "4"]
[White "Cossette, Daniel"]
[Black "Szalay, Karoly"]
[Result "1-0"]
[WhiteElo "2117"]
[BlackElo "1835"]
[PlyCount "78"]
[EventDate "2006.10.17"]
[EventType "swiss"]
[EventRounds "5"]
[EventCountry "CAN"]

1. e4 e5 2. Nf3 Nc6 3. d4 exd4 4. c3 dxc3 5. Nxc3 Bc5 6. Bc4 d6 7. Qb3 Qd7 8.
Nd5 Na5 9. Qc3 c6 10. Qxa5 cxd5 11. Bb5 dxe4 12. Ng5 f5 13. Bxd7+ Bxd7 14. Qc3
Nf6 15. b4 Bb6 16. Qb3 Rf8 17. Bf4 h6 18. Ne6 Rf7 19. Bxd6 Rc8 20. Nc5 Bxc5 21.
bxc5 g5 22. Qxb7 Be6 23. Qb5+ Bd7 24. Qb3 f4 25. O-O Bf5 26. Rfd1 Ng4 27. Qa4+
Rd7 28. c6 Rg7 29. c7+ Kf7 30. Qc4+ Kg6 31. h3 Nf6 32. Be5 Re7 33. Qc3 Nd7 34.
Qc6+ Kf7 35. Rxd7 Bxd7 36. Qf6+ Ke8 37. Qh8+ Kf7 38. Qg7+ Ke6 39. Qf6+ Kd5 1-0

[Event "Roger Roy mem"]
[Site "Gatineau CAN"]
[Date "2006.11.07"]
[Round "4"]
[White "Dallaire, Dominic"]
[Black "Brousseau, Yvan"]
[Result "0-1"]
[WhiteElo "1844"]
[BlackElo "2056"]
[PlyCount "60"]
[EventDate "2006.10.17"]
[EventType "swiss"]
[EventRounds "5"]
[EventCountry "CAN"]

1. e4 d5 2. exd5 Qxd5 3. Nf3 Nf6 4. Nc3 Qa5 5. Be2 c6 6. d4 Bf5 7. O-O e6 8.
Nh4 Bg6 9. Nxg6 hxg6 10. Bf4 Nbd7 11. a3 Nh5 12. b4 Qd8 13. Bxh5 Rxh5 14. Ne4
Nf6 15. Re1 Nxe4 16. Rxe4 Bd6 17. Qg4 Bxf4 18. Qxf4 Qd7 19. Qe3 a5 20. bxa5
Raxa5 21. c4 Ra4 22. c5 Rd5 23. Rh4 Raxd4 24. Rxd4 Rxd4 25. h3 f6 26. Qg3 Kf7
27. Kh2 Rc4 28. Rd1 Qxd1 29. Qc7+ Kg8 30. Qe7 Qd5 0-1

[Event "Roger Roy mem"]
[Site "Gatineau CAN"]
[Date "2006.11.07"]
[Round "4"]
[White "Dupont, Claude"]
[Black "Jiang, Qizhe"]
[Result "1-0"]
[WhiteElo "1415"]
[BlackElo "904"]
[PlyCount "87"]
[EventDate "2006.10.17"]
[EventType "swiss"]
[EventRounds "5"]
[EventCountry "CAN"]

1. e4 e5 2. Nf3 Nf6 3. d3 Nc6 4. Be2 d6 5. Bg5 Be7 6. O-O g6 7. Bh6 Bf8 8. Qd2
Ng4 9. Bxf8 Kxf8 10. h3 Nf6 11. Qh6+ Ke8 12. Qg7 Ke7 13. Ng5 Qg8 14. Qh6 Nd4
15. Bd1 Bd7 16. c3 Nc6 17. b4 b5 18. Nd2 a6 19. Bb3 Be6 20. Bxe6 fxe6 21. a4
Rb8 22. axb5 axb5 23. Ra6 Qf8 24. Qxf8+ Rhxf8 25. Rxc6 Kd7 26. Ra6 Rb7 27. Rfa1
Rbb8 28. g4 h6 29. Ngf3 g5 30. Kg2 Ke7 31. Nb3 Kd7 32. Na5 Rbc8 33. Nc6 Ng8 34.
Nd2 Ne7 35. Na7 Rb8 36. R1a5 c6 37. f3 Kc7 38. Kg3 Nc8 39. Rxc6+ Kd7 40. Rca6
Nxa7 41. Rxa7+ Ke8 42. Rh7 Rf6 43. Raa7 Rb6 44. Rh8+ 1-0

[Event "Roger Roy mem"]
[Site "Gatineau CAN"]
[Date "2006.11.07"]
[Round "4"]
[White "Forget, David"]
[Black "Malette, Martin"]
[Result "0-1"]
[WhiteElo "1910"]
[BlackElo "2025"]
[PlyCount "48"]
[EventDate "2006.10.17"]
[EventType "swiss"]
[EventRounds "5"]
[EventCountry "CAN"]

1. d4 Nf6 2. c4 g6 3. Nc3 d5 4. Bf4 Bg7 5. e3 c5 6. dxc5 Qa5 7. Qa4+ Qxa4 8.
Nxa4 Na6 9. Nf3 Bd7 10. Nc3 dxc4 11. Bxc4 Nxc5 12. Ne5 O-O 13. Nxd7 Nfxd7 14.
O-O-O Nb6 15. Be2 Rac8 16. Bf3 Nca4 17. Rd3 Nxb2 18. Kxb2 Na4+ 19. Kb3 Nc5+ 20.
Kc2 Nxd3 21. Kxd3 Rxc3+ 22. Ke2 Rd8 23. Rd1 Rc2+ 24. Ke1 Bc3+ 0-1

[Event "Roger Roy mem"]
[Site "Gatineau CAN"]
[Date "2006.11.07"]
[Round "4"]
[White "Iyamuremye, Gervais"]
[Black "Chartrand, Jean Bruno"]
[Result "0-1"]
[WhiteElo "1363"]
[BlackElo "1847"]
[PlyCount "27"]
[EventDate "2006.10.17"]
[EventType "swiss"]
[EventRounds "5"]
[EventCountry "CAN"]

1. e4 Nf6 2. d3 e5 3. Nf3 Nc6 4. a3 d5 5. exd5 Nxd5 6. Be2 Be7 7. O-O O-O 8.
Nbd2 f5 9. Nb3 Bf6 10. d4 e4 11. Ne1 Nde7 12. Bc4+ Kh8 13. f3 Ne5 14. Be2 0-1

[Event "Roger Roy mem"]
[Site "Gatineau CAN"]
[Date "2006.11.07"]
[Round "4"]
[White "Lacourse, Guy"]
[Black "Arsenault, Michel"]
[Result "0-1"]
[WhiteElo "1650"]
[BlackElo "2020"]
[PlyCount "66"]
[EventDate "2006.10.17"]
[EventType "swiss"]
[EventRounds "5"]
[EventCountry "CAN"]

1. c4 c5 2. Nf3 Nf6 3. g3 g6 4. Bg2 Bg7 5. O-O O-O 6. Nc3 d5 7. cxd5 Nxd5 8. e4
Nb4 9. Ne1 N8c6 10. a3 Na6 11. Nc2 Ne5 12. d4 cxd4 13. Nxd4 Bg4 14. f3 Qxd4+
15. Qxd4 Nxf3+ 16. Bxf3 Bxd4+ 17. Kg2 Bxf3+ 18. Rxf3 Nc5 19. Bh6 Bg7 20. Bxg7
Kxg7 21. b4 Ne6 22. Rd1 Rad8 23. Rfd3 Rxd3 24. Rxd3 Rd8 25. Rxd8 Nxd8 26. Kf3
Nc6 27. b5 Nd4+ 28. Kf4 h5 29. h4 Kf6 30. a4 Ne6+ 31. Kf3 Ke5 32. Ke3 Nc5 33.
a5 e6 0-1